La participación en los centros educativos

में बचाया:
ग्रंथसूची विवरण
मुख्य लेखक: Otero, Oliveros F. (autor)
स्वरूप: पुस्तक
भाषा:स्पेनिश
प्रकाशित: Pamplona Universidad de Navarra 1974
विषय:
टैग: टैग जोड़ें
कोई टैग नहीं, इस रिकॉर्ड को टैग करने वाले पहले व्यक्ति बनें!

MARC

LEADER 00000nam a2200000 a 4500
001 UCH4644
003 CL-VaPUC
008 090827e19740000SP |||||||||||||||||spa|d
020 |a 8431303239 
082 0 4 |a 370.193  |b OTE  |2 21 
100 |a Otero, Oliveros F.  |e autor  |9 595801 
245 1 3 |a La participación en los centros educativos 
300 |a 391 p 
942 |c BK 
945 |d 20090827 00:00:00  |a dcastane 
260 |a Pamplona  |b Universidad de Navarra  |c 1974 
650 0 |a Participación comunitaria  |9 317870 
650 0 |a Planificación de la educación   |9 307333 
583 |a last modification  |c 20090827 00:00:00  |k Rodrigo Vera 
999 |c 335918  |d 335916 
952 |0 0  |1 0  |4 0  |6 370_193000000000000_OTE_1974  |7 0  |8 P  |9 426770  |a BIBEDU  |b BIBEDU  |c BIBEDU_PB  |d 2019-11-22  |i 4594835  |o 370.193 OTE 1974  |p 4594835  |r 2024-01-25  |w 2019-11-22  |y BK  |k BME